000 00610nam a22002177a 4500
005 20251108173326.0
008 250721s1998 xx 000 0 ara d
020 _a977276413x
082 1 4 _aط/ 790.138
100 1 _aمتولي، سمير
245 1 0 _aألف..باء /
264 1 _aالقاهرة :
_bالمكتب العربي للمعارف،
_c1998.
300 _a10ص.
490 0 _aهوايات و معارف
650 1 7 _aالقراءة
650 1 7 _aالكتابة
650 1 7 _aالهوايات
653 _aناشئون صغار (10 14 سنة)
942 _2ddc
_cBK
999 _c101315
_d101315